LEADER 01130nam--2200373---450- 001 990003438580203316 005 20100908143105.0 010 $a978-88-370-6849-3 035 $a000343858 035 $aUSA01000343858 035 $a(ALEPH)000343858USA01 035 $a000343858 100 $a20100908d2010----km-y0itay50------ba 101 $aita 102 $aIT 105 $aa---||||001yy 200 1 $a<> design della ceramica in Italia$e1850-2000$fElena Dellapiana 210 $aMilano$cElecta architettura$d2010 215 $a255 p.$cill.$d24 cm 225 2 $aDesign & grafica$v8 410 0$12001$aDesign & grafica$v8 606 0 $aCeramiche italiane$z1850-2000$2BNCF 676 $a738.0945 700 1$aDELLAPIANA,$bElena$0316168 801 0$aIT$bsalbc$gISBD 912 $a990003438580203316 951 $aXII.2.C. 1973$b4172 L.G.$cXII.2.C.$d00281975 959 $aBK 969 $aUMA 979 $aPASSARO$b10$c20100908$lUSA01$h1258 979 $aPASSARO$b10$c20100908$lUSA01$h1430 979 $aPASSARO$b10$c20100908$lUSA01$h1431 996 $aDesign della ceramica in Italia$91110431 997 $aUNISA LEADER 03435nam 22005175 450 001 996309231503316 005 20231110233955.0 010 $a3-11-062244-0 024 7 $a10.1515/9783110622447 035 $a(CKB)4100000007598627 035 $a(DE-B1597)500912 035 $a(OCoLC)1091656883 035 $a(DE-B1597)9783110622447 035 $aEBL7015250 035 $a(AU-PeEL)EBL7015250 035 $a(oapen)https://directory.doabooks.org/handle/20.500.12854/44899 035 $a(MiAaPQ)EBC7015250 035 $a(EXLCZ)994100000007598627 100 $a20190615d2019 fg 101 0 $ager 135 $aur||||||||||| 181 $ctxt$2rdacontent 182 $cc$2rdamedia 183 $acr$2rdacarrier 200 00$aDeutsche Syntax $eAnsichten und Aussichten /$fLudger Hoffmann 210 $cDe Gruyter$d1992 210 1$aBerlin ;$aBoston : $cDe Gruyter, $d[2019] 210 4$d©1992 215 $a1 online resource 225 0 $aJahrbuch des Instituts für Deutsche Sprache ;$v1991 300 $aDescription based upon print version of record. 311 $a3-11-013706-2 327 $tFrontmatter -- $tINHALT -- $tEröffnung der Jahrestagung am 12.3.1991 / $rStickel, Gerhard -- $tVorwort / $rHoffmann, Ludger -- $tParametrisierung der Syntax / $rGrewendorf, Günther -- $tZur Entwicklung einer funktionalen Computergrammatik des Deutschen / $rDik, Simon C. -- $tSyntax und Valenz / $rJacobs, Joachim -- $tFunktional-grammatischer Aufbau des Verb-Systems im Deutschen / $rRedder, Angelika -- $tDeutsche Prädikatklassen in typologischer Sicht / $rLehmann, Christian -- $tDurative und inchoative Prädikate und die Adverbialkomplemente von Verben / $rSteinitz, Renate -- $tAdverbiale Infinitive: Abgrenzung, Grammatikalisierung, Bedeutung / $rEisenberg, Peter -- $tDas deutsche Passiv in historischer Sicht / $rEroms, Hans-Werner -- $tDas Passiv im Deutschen: Agenten, Blockaden und (De-) Gradierungen / $rZifonun, Gisela -- $t"Ergative" Verben und die Struktur des deutschen Mittelfelds / $rFanselow, Gisbert -- $tDie Struktur der Nominalphrase - Lexikalische und funktionale Strukturen / $rHaider, Hubert -- $tFunktional-grammatischer Aufbau der Nominalphrase im Deutschen / $rKnobloch, Clemens -- $tPodiumsdiskussion zum Satzbegriff -- $tEinleitung und Materialien / $rHoffmann, Ludger -- $tStatement zur Podiumsdiskussion / $rBuscha, Joachim -- $tZum Satzbegriff / $rEhlich, Konrad -- $t"Satz" als Kategorie der Grammatik / $rHeidolph, Karl Erich -- $tZum Begriff des Satzes / $rStrecker, Bruno -- $tPlenumsdiskussion -- $tSatztyp, Satzmodus und Illokution aus modularer Sicht / $rRosengren, Inger -- $tSubordination / $rFabricius-Hansen, Cathrine -- $tWortstellung im Deutschen - theoretische Rechtfertigung, empirische Begründung / $rAbraham, Werner -- $tZur Wortstellung im komplexen deutschen Satz / $rRehbein, Jochen -- $tDas Institut für deutsche Sprache im Jahre 1991 -- $tBackmatter 410 0$aJahrbuch des Instituts Für Deutsche Sprache 606 $aLANGUAGE ARTS & DISCIPLINES / Linguistics / General$2bisacsh 615 7$aLANGUAGE ARTS & DISCIPLINES / Linguistics / General. 676 $a435 686 $aGC 7123$2rvk 700 $aHoffmann$b Ludger$4auth$0292612 702 $aHoffmann$b Ludger, 801 0$bDE-B1597 801 1$bDE-B1597 906 $aBOOK 912 $a996309231503316 996 $aDeutsche Syntax$93562240 997 $aUNISA